Morphogenesis and animistic moments: (Record no. 506266)

000 -LEADER
fixed length control field 00539nam a2200181Ia 4500
008 - FIXED-LENGTH DATA ELEMENTS--GENERAL INFORMATION
fixed length control field 181130s2018 xx 000 0 und d
100 ## - MAIN ENTRY--PERSONAL NAME
Personal name Brighenti, Andrea Mubi
245 ## - TITLE STATEMENT
Title Morphogenesis and animistic moments:
Remainder of title on social formation and territorial production
260 ## - PUBLICATION, DISTRIBUTION, ETC.
Date of publication, distribution, etc. 2018
300 ## - PHYSICAL DESCRIPTION
Extent p.249-272.
504 ## - BIBLIOGRAPHY, ETC. NOTE
-- Jun
650 ## - SUBJECT ADDED ENTRY--TOPICAL TERM
Topical term or geographic name entry element Individual and social aggregates
650 ## - SUBJECT ADDED ENTRY--TOPICAL TERM
Topical term or geographic name entry element Social theory
650 ## - SUBJECT ADDED ENTRY--TOPICAL TERM
Topical term or geographic name entry element Territory making
700 ## - ADDED ENTRY--PERSONAL NAME
Personal name Karrholm, Mattias
773 ## - HOST ITEM ENTRY
Main entry heading Social Science Information
906 ## - LOCAL DATA ELEMENT F, LDF (RLIN)
a Social theory
Holdings
Withdrawn status Lost status Damaged status Not for loan Permanent Location Current Location Date acquired Serial Enumeration / chronology Barcode Date last seen Price effective from Koha item type
        Indian Institute of Public Administration Indian Institute of Public Administration 2018-12-07 57(2), Jun, 2018: p.249-272. AR118061 2018-12-07 2018-12-07 Articles

Powered by Koha